[Event "119th Scottish Championship"]
[Site "Glasgow"]
[Date "2012.07.08"]
[Round "2"]
[White "McCusker, Andrew"]
[Black "Campbell, Eoin"]
[Result "1-0"]
[WhiteElo "1217"]
[BlackElo "1868"]
[PlyCount "73"]
[EventDate "2012.07.07"]
[EventType "swiss"]
[EventRounds "9"]
[EventCountry "SCO"]
[Source "Chess Scotland"]
[SourceDate "2012.07.24"]

1. c4 e6 2. Nc3 d5 3. d4 c5 4. cxd5 exd5 5. dxc5 d4 6. Ne4 Nf6 7. Nd6+ Bxd6 8.
cxd6 Nc6 9. Nf3 Qxd6 10. a3 O-O 11. g3 Re8 12. Bf4 Qd5 13. Bg2 d3 14. e3 Bg4
15. O-O g5 16. Nxg5 Bxd1 17. Bxd5 Be2 18. Bxf7+ Kg7 19. Bxe8 Rxe8 20. Rfe1 h6
21. Nh3 Bg4 22. Kg2 Nd5 23. f3 Bxh3+ 24. Kxh3 Nxf4+ 25. exf4 Rd8 26. Rad1 Na5
27. Re3 d2 28. Re2 Nb3 29. Kg2 b5 30. Kf2 a5 31. Ke3 Re8+ 32. Kf2 Rd8 33. Re3
a4 34. Rc3 Rd7 35. Rxb3 axb3 36. Ke2 b4 37. axb4 1-0

[Event "119th Scottish Championship"]
[Site "Glasgow"]
[Date "2012.07.08"]
[Round "2"]
[White "Klug, Christian"]
[Black "Rysbayeva, Aigerim"]
[Result "1/2-1/2"]
[WhiteElo "1894"]
[BlackElo "2175"]
[PlyCount "71"]
[EventDate "2012.07.07"]
[EventType "swiss"]
[EventRounds "9"]
[EventCountry "SCO"]
[Source "Chess Scotland"]
[SourceDate "2012.07.24"]

1. f4 d5 2. Nf3 c5 3. e3 Nc6 4. b3 Nf6 5. Bb2 e6 6. Bb5 Bd7 7. O-O Be7 8. Nc3
O-O 9. Ne2 Qa5 10. Bxc6 Bxc6 11. Ne5 Ne4 12. d3 Nd6 13. Ng3 Be8 14. Qe2 f6 15.
Nf3 c4 16. Qe1 Qa6 17. Nd4 Bd7 18. e4 dxe4 19. Nxe4 Nxe4 20. Qxe4 cxd3 21. c4
Bc5 22. Kh1 d2 23. Rfd1 Rfe8 24. Rxd2 Rad8 25. a4 Bc8 26. Rad1 Qa5 27. Qe2 Bxd4
28. Bxd4 a6 29. g3 h6 30. Bc3 Qc7 31. Rxd8 Rxd8 32. Rxd8+ Qxd8 33. Qd2 Qxd2 34.
Bxd2 Kf8 35. Kg1 Kf7 36. Kf2 1/2-1/2

[Event "119th Scottish Championship"]
[Site "Glasgow"]
[Date "2012.07.08"]
[Round "2"]
[White "Brown, Martin"]
[Black "Jelfs, Alan"]
[Result "1-0"]
[WhiteElo "2224"]
[BlackElo "1852"]
[PlyCount "59"]
[EventDate "2012.07.07"]
[EventType "swiss"]
[EventRounds "9"]
[EventCountry "SCO"]
[Source "Chess Scotland"]
[SourceDate "2012.07.24"]

1. e4 e5 2. Nf3 Nc6 3. d4 exd4 4. Nxd4 Nf6 5. Nxc6 bxc6 6. e5 Qe7 7. Qe2 Nd5 8.
c4 Ba6 9. b3 g6 10. f4 Bg7 11. Qf2 Nf6 12. Ba3 Qe6 13. Be2 Ne4 14. Qe3 f5 15.
O-O d6 16. Bd3 O-O 17. Nd2 Nxd2 18. Qxd2 Rfd8 19. Rfe1 dxe5 20. fxe5 Qd7 21.
Rad1 Qd4+ 22. Kh1 Bxe5 23. Qa5 Re8 24. Be4 Bb7 25. Rxd4 Bxd4 26. Bf3 Rad8 27.
Rxe8+ Rxe8 28. g3 g5 29. Qxf5 Re5 30. Qf8# 1-0

[Event "119th Scottish Championship"]
[Site "Glasgow"]
[Date "2012.07.08"]
[Round "2"]
[White "Giulian, Rosemary A"]
[Black "Durno, Joy"]
[Result "1-0"]
[WhiteElo "1918"]
[BlackElo "1729"]
[PlyCount "69"]
[EventDate "2012.07.07"]
[EventType "swiss"]
[EventRounds "9"]
[EventCountry "SCO"]
[Source "Chess Scotland"]
[SourceDate "2012.07.24"]

1. e4 c5 2. Nc3 Nc6 3. f4 g6 4. Nf3 Bg7 5. Bb5 Nd4 6. O-O Nxb5 7. Nxb5 d5 8. e5
Nh6 9. d3 a6 10. Nc3 O-O 11. Qe2 e6 12. a4 Bd7 13. a5 Qc7 14. Nd1 f6 15. c3 Nf7
16. exf6 Bxf6 17. Nf2 e5 18. g3 Rae8 19. Qc2 Qc8 20. fxe5 Nxe5 21. Nxe5 Bxe5
22. Bh6 Bg7 23. Bxg7 Kxg7 24. Qd2 Qc6 25. d4 c4 26. Rfe1 h5 27. Rxe8 Rxe8 28.
Re1 Bf5 29. Rxe8 Qxe8 30. Qf4 Qe1+ 31. Kg2 Qe7 32. h4 Bd7 33. Qe5+ Kf7 34.
Qxe7+ Kxe7 35. Kf3 1-0

[Event "119th Scottish Championship"]
[Site "Glasgow"]
[Date "2012.07.08"]
[Round "2"]
[White "Bhopal, Raj"]
[Black "James, Chris"]
[Result "1-0"]
[WhiteElo "1808"]
[BlackElo "2028"]
[PlyCount "75"]
[EventDate "2012.07.07"]
[EventType "swiss"]
[EventRounds "9"]
[EventCountry "SCO"]
[Source "Chess Scotland"]
[SourceDate "2012.07.24"]

1. d4 f5 2. Nf3 Nf6 3. Bg5 e6 4. e3 Be7 5. Bd3 O-O 6. O-O d6 7. c4 c6 8. Nc3
Nbd7 9. Rc1 h6 10. Bh4 Ng4 11. Bxe7 Qxe7 12. h3 Ngf6 13. Re1 Re8 14. b4 Nf8 15.
e4 fxe4 16. Nxe4 Bd7 17. c5 Nxe4 18. Bxe4 d5 19. Bb1 Qf6 20. Ne5 Re7 21. Rc3 g6
22. Rf3 Qg7 23. Rg3 Be8 24. Qg4 g5 25. h4 Ng6 26. hxg5 Nxe5 27. Rxe5 h5 28. Qe2
Bg6 29. Bxg6 Qxg6 30. Rh3 a5 31. b5 Rf8 32. b6 a4 33. Rxh5 Rh7 34. Rxh7 Kxh7
35. Rxe6 Qb1+ 36. Kh2 Qf5 37. Qh5+ Kg7 38. Qh6+ 1-0

[Event "119th Scottish Championship"]
[Site "Glasgow"]
[Date "2012.07.08"]
[Round "2"]
[White "Villwock, Martin"]
[Black "Kleboe, Jim PR"]
[Result "1-0"]
[WhiteElo "2176"]
[BlackElo "1866"]
[PlyCount "93"]
[EventDate "2012.07.07"]
[EventType "swiss"]
[EventRounds "9"]
[EventCountry "SCO"]
[Source "Chess Scotland"]
[SourceDate "2012.07.24"]

1. e4 c5 2. d4 cxd4 3. c3 d3 4. Bxd3 Nc6 5. Nf3 d6 6. h3 g6 7. Be3 Bg7 8. Nbd2
Nf6 9. O-O O-O 10. Nd4 e5 11. N4b3 b6 12. Qe2 Qc7 13. Rad1 Bb7 14. f4 h6 15.
Qf2 Nd7 16. f5 g5 17. h4 f6 18. Nc4 Rf7 19. Na3 Ne7 20. Bc4 Nc8 21. Bxf7+ Kxf7
22. Qf3 Qc6 23. Rd5 Qa4 24. Rfd1 Bxd5 25. Rxd5 a6 26. c4 Qc6 27. Qd1 Nc5 28.
Nxc5 bxc5 29. Nb1 Ke7 30. Qc2 Nb6 31. Rd1 gxh4 32. Nc3 Rg8 33. Bf2 h5 34. Qe2
Qe8 35. Bxh4 Rh8 36. b3 Qc6 37. Rd3 Bf8 38. Rg3 Kf7 39. Rg6 Be7 40. Qf3 Qe8 41.
a4 Qf8 42. a5 Nd7 43. Qd3 Qa8 44. Nd5 Bd8 45. Qg3 Nf8 46. Bxf6 Bxf6 47. Rxf6+
1-0

[Event "119th Scottish Championship"]
[Site "Glasgow"]
[Date "2012.07.08"]
[Round "2"]
[White "Smith, Stephen H"]
[Black "Rutherford, Elaine"]
[Result "0-1"]
[WhiteElo "1805"]
[BlackElo "2091"]
[PlyCount "50"]
[EventDate "2012.07.07"]
[EventType "swiss"]
[EventRounds "9"]
[EventCountry "SCO"]
[Source "Chess Scotland"]
[SourceDate "2012.07.24"]

1. e4 e5 2. f4 exf4 3. Nf3 g5 4. h4 g4 5. Ne5 Nf6 6. Nxg4 Nxe4 7. d4 Ng3 8. Rh2
Qe7+ 9. Be2 d6 10. Nf2 Bh6 11. Nc3 c6 12. d5 O-O 13. Qd3 Re8 14. Kd1 b6 15. Qf3
Ba6 16. Nd3 cxd5 17. Bxf4 Nxe2 18. Nxd5 Qe6 19. Bxh6 Bxd3 20. cxd3 Nd7 21. Nc7
Qxh6 22. Nxa8 Kh8 23. g3 Nd4 24. Qxf7 Qe3 25. Qf2 Qxd3+ 0-1

[Event "119th Scottish Championship"]
[Site "Glasgow"]
[Date "2012.07.08"]
[Round "2"]
[White "Robertson, Jim"]
[Black "Thomas, Phil"]
[Result "1/2-1/2"]
[WhiteElo "1696"]
[BlackElo "1900"]
[PlyCount "182"]
[EventDate "2012.07.07"]
[EventType "swiss"]
[EventRounds "9"]
[EventCountry "SCO"]
[Source "Chess Scotland"]
[SourceDate "2012.07.24"]

1. d4 Nf6 2. e3 g6 3. f4 Bg7 4. Nf3 O-O 5. c3 d5 6. Bd3 c6 7. Nbd2 Bf5 8. Nf1
Bxd3 9. Qxd3 Qa5 10. Ng3 Qa6 11. Qxa6 Nxa6 12. O-O Ne4 13. Nxe4 dxe4 14. Ng5 f5
15. Ne6 Rf6 16. Nxg7 Kxg7 17. a4 Rd6 18. b3 Kf6 19. Ba3 Rd7 20. b4 Ke6 21. c4
Nc7 22. b5 cxb5 23. axb5 Ne8 24. Rfc1 Nd6 25. Bc5 Nc8 26. d5+ Kf7 27. Bd4 b6
28. c5 bxc5 29. Bxc5 Rb8 30. Bd4 Nb6 31. Rc6 Nxd5 32. Rxa7 Rxa7 33. Bxa7 Rxb5
34. Rc8 Rb7 35. Bd4 Nf6 36. Ra8 Rd7 37. h3 h5 38. Kf2 Rd5 39. Rb8 Nd7 40. Rc8
e5 41. fxe5 Nxe5 42. Bxe5 Rxe5 43. h4 Re6 44. Kg3 Rd6 45. Kf4 Rd2 46. Kg3 Re2
47. Rc3 Kf6 48. Ra3 Kg7 49. Kh2 Rd2 50. Kg1 Rd1+ 51. Kf2 Rd6 52. Ra8 Rd2+ 53.
Kg1 Rd1+ 54. Kf2 Rh1 55. g3 Rh2+ 56. Kf1 Rd2 57. Ra7+ Kh6 58. Ra8 Rb2 59. Ra7
Rb6 60. Rf7 Rb5 61. Ra7 Rb2 62. Rf7 Rc2 63. Ra7 Rc8 64. Rf7 Rg8 65. Kf2 Rg7 66.
Rf6 Re7 67. Ra6 Rf7 68. Rb6 Kg7 69. Ra6 Rf6 70. Ra7+ Kh6 71. Ra8 Rb6 72. Rh8+
Kg7 73. Ra8 Kf6 74. Rf8+ Ke5 75. Rd8 Rc6 76. Ke2 Rd6 77. Rc8 Kd5 78. Rc2 Rb6
79. Ke1 Rb5 80. Rc8 Rc5 81. Rg8 Rc6 82. Rd8+ Kc4 83. Rd1 Kb3 84. Rb1+ Kc2 85.
Rd1 Rb6 86. Rd2+ Kc3 87. Rd8 Rb1+ 88. Kf2 Rb2+ 89. Kf1 Rd2 90. Rc8+ Kb2 91. Rc6
Rd1+ 1/2-1/2

[Event "119th Scottish Championship"]
[Site "Glasgow"]
[Date "2012.07.08"]
[Round "2"]
[White "Gormally, Daniel"]
[Black "Swan, Iain"]
[Result "1/2-1/2"]
[WhiteElo "2505"]
[BlackElo "2259"]
[PlyCount "27"]
[EventDate "2012.07.07"]
[EventType "swiss"]
[EventRounds "9"]
[EventCountry "SCO"]
[Source "Chess Scotland"]
[SourceDate "2012.07.24"]

1. d4 e6 2. Nf3 Nf6 3. c4 d5 4. Nc3 c6 5. Bg5 dxc4 6. e4 b5 7. e5 h6 8. Bh4 g5
9. Bg3 Nd5 10. Nd2 Bb7 11. Be2 Nd7 12. O-O Qb6 13. a4 a5 14. Nde4 1/2-1/2

[Event "119th Scottish Championship"]
[Site "Glasgow"]
[Date "2012.07.08"]
[Round "2"]
[White "Vincenti, David"]
[Black "Thorfinnsson, Bragi"]
[Result "1/2-1/2"]
[WhiteElo "2091"]
[BlackElo "2465"]
[PlyCount "101"]
[EventDate "2012.07.07"]
[EventType "swiss"]
[EventRounds "9"]
[EventCountry "SCO"]
[Source "Chess Scotland"]
[SourceDate "2012.07.24"]

1. d4 Nf6 2. c4 e6 3. Nc3 Bb4 4. Qc2 O-O 5. a3 Bxc3+ 6. Qxc3 Qe8 7. g3 d6 8.
Nf3 Nc6 9. Bg2 a5 10. b3 e5 11. dxe5 dxe5 12. Be3 Qe7 13. O-O Ng4 14. Bg5 f6
15. Bd2 e4 16. Nd4 Nxd4 17. Qxd4 Rd8 18. Qc3 Bf5 19. h3 Ne5 20. g4 Bg6 21. Be3
a4 22. b4 Qe6 23. Rac1 h5 24. g5 Qf5 25. gxf6 Qxf6 26. Kh1 Qf5 27. Bd4 Re8 28.
Rcd1 c6 29. Bxe5 Rxe5 30. Rd6 Rae8 31. Qg3 Kh7 32. Rfd1 e3 33. f4 R5e6 34. c5
Qc2 35. Bf3 Qf5 36. Qh4 Bf7 37. Rd7 Kg8 38. Rxb7 Rg6 39. Rxf7 Qxf7 40. Bxh5 Qb3
41. Qe1 Qe6 42. Bxg6 Qxh3+ 43. Kg1 Qg4+ 44. Kh2 Qxg6 45. Rd6 Qh5+ 46. Kg3 g5
47. Qf1 Re4 48. Rd8+ Kh7 49. Rd7+ Kg8 50. Rd8+ Kh7 51. Rd7+ 1/2-1/2

[Event "119th Scottish Championship"]
[Site "Glasgow"]
[Date "2012.07.08"]
[Round "2"]
[White "McNab, Colin Anderson"]
[Black "Mitchell, Martin"]
[Result "1-0"]
[WhiteElo "2445"]
[BlackElo "2217"]
[PlyCount "103"]
[EventDate "2012.07.07"]
[EventType "swiss"]
[EventRounds "9"]
[EventCountry "SCO"]
[Source "Chess Scotland"]
[SourceDate "2012.07.24"]

1. c4 Nf6 2. Nf3 e6 3. g3 d5 4. b3 c5 5. Bg2 Nc6 6. e3 Be7 7. O-O O-O 8. Bb2 d4
9. exd4 cxd4 10. Re1 Qb6 11. d3 Nd7 12. Na3 e5 13. Nc2 Re8 14. Rb1 a5 15. a3
Qc7 16. Bc1 Nc5 17. b4 axb4 18. axb4 Na4 19. Bd2 f6 20. b5 Nd8 21. Nb4 Be6 22.
Ra1 Nb6 23. Rxa8 Nxa8 24. Nh4 Nb6 25. f4 Bxb4 26. Bxb4 exf4 27. Qh5 Qd7 28.
gxf4 Bf7 29. Rxe8+ Qxe8 30. Qf3 Qd7 31. Qe4 Na4 32. f5 Bh5 33. Qd5+ Qxd5 34.
Bxd5+ Bf7 35. Bf3 Be8 36. Be7 Nf7 37. Bxb7 Ne5 38. Bd5+ Kh8 39. Be4 Nc3 40. b6
Nxe4 41. b7 Nc6 42. dxe4 Bf7 43. c5 Bc4 44. Bd6 Ba6 45. b8=Q+ Nxb8 46. Bxb8 d3
47. Nf3 Bb7 48. Nd2 Kg8 49. Kf2 g6 50. fxg6 hxg6 51. Ke3 Ba6 52. c6 1-0

[Event "119th Scottish Championship"]
[Site "Glasgow"]
[Date "2012.07.08"]
[Round "2"]
[White "McKerracher, Douglas"]
[Black "Hawkins, Jonathan"]
[Result "0-1"]
[WhiteElo "2030"]
[BlackElo "2499"]
[PlyCount "74"]
[EventDate "2012.07.07"]
[EventType "swiss"]
[EventRounds "9"]
[EventCountry "SCO"]
[Source "Chess Scotland"]
[SourceDate "2012.07.24"]

1. e4 e6 2. d3 d5 3. Nd2 Nf6 4. Ngf3 c5 5. g3 Nc6 6. Bg2 g6 7. O-O Bg7 8. Re1
O-O 9. c3 a5 10. a4 b6 11. Qc2 Ba6 12. Bf1 Qd7 13. Nb1 Ng4 14. Bf4 e5 15. Bd2
f5 16. exd5 Qxd5 17. Nh4 Rad8 18. h3 Nh6 19. Bg5 Rd7 20. Na3 Nf7 21. Be3 f4 22.
gxf4 exf4 23. Bxf4 Nfe5 24. Bg2 Qf7 25. Bg3 g5 26. Bxc6 Nxc6 27. Ng2 Bxd3 28.
Qc1 Qf5 29. Re3 Ne5 30. Bxe5 Bxe5 31. Qe1 Bb8 32. Rd1 c4 33. Nb5 Rdf7 34. Rd2
Bf4 35. Nd4 Qd5 36. Nxf4 gxf4 37. Re7 Qg5+ 0-1

[Event "119th Scottish Championship"]
[Site "Glasgow"]
[Date "2012.07.08"]
[Round "2"]
[White "McKay, Roderick M"]
[Black "Aird, Ian"]
[Result "1-0"]
[WhiteElo "2376"]
[BlackElo "2000"]
[PlyCount "53"]
[EventDate "2012.07.07"]
[EventType "swiss"]
[EventRounds "9"]
[EventCountry "SCO"]
[Source "Chess Scotland"]
[SourceDate "2012.07.24"]

1. d4 Nf6 2. Nf3 d6 3. Nc3 g6 4. e4 a6 5. Bd3 Bg7 6. h3 Nc6 7. Be3 O-O 8. d5
Ne5 9. Nxe5 dxe5 10. Qd2 e6 11. O-O-O b5 12. Bc5 Re8 13. g4 exd5 14. exd5 Bb7
15. Be2 Nd7 16. Be3 e4 17. Bd4 Ne5 18. a3 Qe7 19. Qe3 Rad8 20. Bc5 Qh4 21. Rhg1
f6 22. Kb1 Nf7 23. Qf4 Nd6 24. Bxd6 Rxd6 25. Nxe4 Bh6 26. Qf3 Bxd5 27. Rxd5 1-0

[Event "119th Scottish Championship"]
[Site "Glasgow"]
[Date "2012.07.08"]
[Round "2"]
[White "Cooksey, Paul S"]
[Black "Brunello, Roberta"]
[Result "1-0"]
[WhiteElo "2298"]
[BlackElo "1984"]
[PlyCount "65"]
[EventDate "2012.07.07"]
[EventType "swiss"]
[EventRounds "9"]
[EventCountry "SCO"]
[Source "Chess Scotland"]
[SourceDate "2012.07.24"]

1. d4 d5 2. c4 e6 3. Nc3 Nf6 4. cxd5 exd5 5. Bg5 Nbd7 6. e3 Be7 7. Bd3 O-O 8.
Qc2 Re8 9. Nf3 Nf8 10. O-O c6 11. h3 Nh5 12. Bxe7 Qxe7 13. Rfe1 Qf6 14. Ne5 g6
15. b4 Nd7 16. f4 Nxe5 17. dxe5 Qe7 18. b5 Bd7 19. bxc6 Bxc6 20. Ne2 Rac8 21.
Nd4 f6 22. Bxg6 Ng7 23. Bxe8 Nxe8 24. e6 Nd6 25. Qc5 f5 26. Rac1 a6 27. Qa3 Rc7
28. Kh2 Kf8 29. Rc2 h6 30. Rec1 Nc4 31. Qxe7+ Rxe7 32. Rc3 Ba4 33. g4 1-0

[Event "119th Scottish Championship"]
[Site "Glasgow"]
[Date "2012.07.08"]
[Round "2"]
[White "Holmes, Donald A"]
[Black "Eggink, Gerhard"]
[Result "1-0"]
[WhiteElo "2271"]
[BlackElo "1965"]
[PlyCount "33"]
[EventDate "2012.07.07"]
[EventType "swiss"]
[EventRounds "9"]
[EventCountry "SCO"]
[Source "Chess Scotland"]
[SourceDate "2012.07.24"]

1. e4 e5 2. Nf3 Nc6 3. Bb5 a6 4. Ba4 Nf6 5. O-O Nxe4 6. d4 b5 7. Bb3 d5 8. dxe5
Be6 9. Nbd2 Bc5 10. Nxe4 dxe4 11. Bxe6 fxe6 12. Ng5 Qd5 13. Qg4 Qxe5 14. Nxe6
Nd4 15. Nxc5 Qxc5 16. Qxe4+ Kf7 17. Be3 1-0

[Event "119th Scottish Championship"]
[Site "Glasgow"]
[Date "2012.07.08"]
[Round "2"]
[White "Bryson, Douglas M"]
[Black "Barnaure, Vlad Victor"]
[Result "1/2-1/2"]
[WhiteElo "2350"]
[BlackElo "2511"]
[PlyCount "123"]
[EventDate "2012.07.07"]
[EventType "swiss"]
[EventRounds "9"]
[EventCountry "SCO"]
[Source "Chess Scotland"]
[SourceDate "2012.07.24"]

1. e4 c5 2. Nf3 g6 3. d4 Bg7 4. dxc5 Qa5+ 5. c3 Qxc5 6. Na3 d6 7. Nb5 Qc6 8.
Be3 a6 9. Nfd4 Qd7 10. Qa4 Nc6 11. Nxc6 bxc6 12. Na3 Rb8 13. Nc4 c5 14. Qxd7+
Bxd7 15. O-O-O Be6 16. Kc2 Nf6 17. f3 O-O 18. Na5 Rfe8 19. b3 Nd7 20. Be2 f5
21. Bc4 Bxc4 22. Nxc4 fxe4 23. fxe4 Nf6 24. e5 Ne4 25. Rhe1 Rbd8 26. Bg1 d5 27.
Nd2 Nxd2 28. Rxd2 c4 29. Bd4 e6 30. Rb1 cxb3+ 31. axb3 Rc8 32. Kd3 Rf8 33. Ra2
Rf5 34. Rxa6 Bxe5 35. Rxe6 Bxd4 36. Kxd4 Rf2 37. Re3 Rxg2 38. h3 Rd2+ 39. Rd3
Rc2 40. b4 Rc4+ 41. Kxd5 R4xc3 42. Rxc3 Rxc3 43. b5 Rxh3 44. b6 Rd3+ 45. Kc6
Rc3+ 46. Kb5 Rc8 47. b7 Rb8 48. Kc6 Kf7 49. Kc7 Rxb7+ 50. Kxb7 Ke6 51. Kc6 h5
52. Rg1 Kf5 53. Kd5 Kf4 54. Rxg6 h4 55. Rh6 Kg3 56. Ke4 h3 57. Ke3 Kg2 58. Rg6+
Kf1 59. Rf6+ Kg1 60. Kf3 h2 61. Rg6+ Kf1 62. Rh6 1/2-1/2

[Event "119th Scottish Championship"]
[Site "Glasgow"]
[Date "2012.07.08"]
[Round "2"]
[White "Green, Andrew"]
[Black "Aagaard, Jacob"]
[Result "1/2-1/2"]
[WhiteElo "2144"]
[BlackElo "2506"]
[PlyCount "69"]
[EventDate "2012.07.07"]
[EventType "swiss"]
[EventRounds "9"]
[EventCountry "SCO"]
[Source "Chess Scotland"]
[SourceDate "2012.07.24"]

1. d4 d5 2. c4 e6 3. Nf3 Nf6 4. g3 Bb4+ 5. Bd2 Be7 6. Bg2 O-O 7. O-O c6 8. Qc2
b6 9. Bf4 Ba6 10. cxd5 cxd5 11. Ne5 Nfd7 12. Nc3 Nxe5 13. Bxe5 Nd7 14. Bf4 Nf6
15. Qa4 Bb7 16. Rac1 Nh5 17. Be3 a6 18. f3 Rc8 19. Qb3 b5 20. Na4 e5 21. Rxc8
Qxc8 22. Nc3 exd4 23. Bxd4 Bc5 24. Rd1 Re8 25. Kf2 Bxd4+ 26. Rxd4 Qe6 27. Qd1
Qe3+ 28. Kf1 Nf6 29. Qd2 Qxd2 30. Rxd2 b4 31. Nd1 Kf8 32. Kf2 Ke7 33. Ne3 g6
34. Nc2 a5 35. Bh3 1/2-1/2

[Event "119th Scottish Championship"]
[Site "Glasgow"]
[Date "2012.07.09"]
[Round "3"]
[White "Cooksey, Paul S"]
[Black "Bhopal, Raj"]
[Result "1-0"]
[WhiteElo "2298"]
[BlackElo "1808"]
[PlyCount "97"]
[EventDate "2012.07.07"]
[EventType "swiss"]
[EventRounds "9"]
[EventCountry "SCO"]
[Source "Chess Scotland"]
[SourceDate "2012.07.24"]

1. d4 f5 2. Nc3 e6 3. g4 Bb4 4. gxf5 exf5 5. Qd3 Bxc3+ 6. Qxc3 Nf6 7. Bg5 c6 8.
Bh3 d5 9. Qe3+ Qe7 10. Bxf6 Qxe3 11. fxe3 gxf6 12. Kd2 Rg8 13. Rf1 Rg5 14. Rf4
Na6 15. Rh4 Rg7 16. Nf3 Nc7 17. Ne1 Nb5 18. b3 Nd6 19. Nd3 Kf7 20. Rf1 a5 21.
Nf4 a4 22. Nh5 Ne4+ 23. Rxe4 fxe4 24. Bxc8 Rxc8 25. Nxg7 Kxg7 26. bxa4 Ra8 27.
Rb1 Ra7 28. Kc3 Kg6 29. Kb4 b6 30. Rg1+ Kf7 31. Rg4 f5 32. Rg5 Ke6 33. Rg8 Rc7
34. Rb8 c5+ 35. dxc5 bxc5+ 36. Kb5 d4 37. Kb6 Rd7 38. a5 dxe3 39. a6 Rd4 40. a7
Ra4 41. a8=Q Rxa8 42. Rxa8 f4 43. Kxc5 f3 44. Re8+ Kf5 45. exf3 exf3 46. Rxe3
Kg4 47. Re7 h5 48. Rf7 h4 49. a4 1-0

[Event "119th Scottish Championship"]
[Site "Glasgow"]
[Date "2012.07.09"]
[Round "3"]
[White "Findlay, James"]
[Black "Holmes, Donald A"]
[Result "0-1"]
[WhiteElo "1746"]
[BlackElo "2271"]
[PlyCount "34"]
[EventDate "2012.07.07"]
[EventType "swiss"]
[EventRounds "9"]
[EventCountry "SCO"]
[Source "Chess Scotland"]
[SourceDate "2012.07.24"]

1. d4 Nf6 2. c4 e6 3. Nf3 b6 4. g3 Bb7 5. Bg2 Be7 6. O-O O-O 7. Nc3 Ne4 8. Bd2
f5 9. Rc1 Bf6 10. Be3 d6 11. Nxe4 Bxe4 12. Nd2 Bxg2 13. Kxg2 c5 14. Nf3 Qe7 15.
Qd2 Na6 16. d5 e5 17. Bg5 e4 0-1

[Event "119th Scottish Championship"]
[Site "Glasgow"]
[Date "2012.07.09"]
[Round "3"]
[White "Greet, Andrew"]
[Black "McKerracher, Douglas"]
[Result "1-0"]
[WhiteElo "2440"]
[BlackElo "2030"]
[PlyCount "31"]
[EventDate "2012.07.07"]
[EventType "swiss"]
[EventRounds "9"]
[EventCountry "SCO"]
[Source "Chess Scotland"]
[SourceDate "2012.07.24"]

1. d4 f5 2. c4 Nf6 3. Nc3 e6 4. Nf3 d5 5. Bf4 c6 6. e3 Be7 7. Bd3 O-O 8. Qc2
Ne4 9. g4 Nd7 10. gxf5 exf5 11. cxd5 cxd5 12. Nxd5 Qa5+ 13. Ke2 Bd8 14. Rhg1
Kh8 15. Nc7 Bxc7 16. Bxc7 1-0

[Event "119th Scottish Championship"]
[Site "Glasgow"]
[Date "2012.07.09"]
[Round "3"]
[White "Lagerman, Robert"]
[Black "Burnett, Walter"]
[Result "1/2-1/2"]
[WhiteElo "2315"]
[BlackElo "2015"]
[PlyCount "38"]
[EventDate "2012.07.07"]
[EventType "swiss"]
[EventRounds "9"]
[EventCountry "SCO"]
[Source "Chess Scotland"]
[SourceDate "2012.07.24"]

1. e4 g6 2. d4 Bg7 3. Nc3 c5 4. Nf3 cxd4 5. Nxd4 Nc6 6. Be3 d6 7. Be2 Bd7 8.
O-O h5 9. Kh1 a6 10. Qd2 Rc8 11. Nxc6 Bxc6 12. Bd4 Nf6 13. f3 h4 14. Rad1 Kf8
15. Rfe1 Nh5 16. Bxg7+ Kxg7 17. Qe3 Qa5 18. f4 Qb4 19. Rb1 Qc5 1/2-1/2

[Event "119th Scottish Championship"]
[Site "Glasgow"]
[Date "2012.07.09"]
[Round "3"]
[White "Giulian, Philip M"]
[Black "Aird, Ian"]
[Result "1/2-1/2"]
[WhiteElo "2285"]
[BlackElo "2000"]
[PlyCount "48"]
[EventDate "2012.07.07"]
[EventType "swiss"]
[EventRounds "9"]
[EventCountry "SCO"]
[Source "Chess Scotland"]
[SourceDate "2012.07.24"]

1. d4 d5 2. c4 e5 3. dxe5 d4 4. Nf3 Nc6 5. Nbd2 Qe7 6. g3 Bg4 7. Bg2 O-O-O 8.
Qb3 Qb4 9. Qd3 Bxf3 10. a3 Bxg2 11. axb4 Bxh1 12. b5 Nb4 13. Qb3 d3 14. exd3
Nxd3+ 15. Kf1 Nxc1 16. Rxc1 Rxd2 17. Qe3 Bb4 18. Kg1 Nh6 19. Kxh1 Ng4 20. Qxa7
Nxf2+ 21. Kg1 Nh3+ 22. Kh1 Rhd8 23. c5 Nf2+ 24. Kg1 Nh3+ 1/2-1/2

[Event "119th Scottish Championship"]
[Site "Glasgow"]
[Date "2012.07.09"]
[Round "3"]
[White "Walker, Duncan"]
[Black "Bannink, Bernard"]
[Result "0-1"]
[WhiteElo "1991"]
[BlackElo "2258"]
[PlyCount "52"]
[EventDate "2012.07.07"]
[EventType "swiss"]
[EventRounds "9"]
[EventCountry "SCO"]
[Source "Chess Scotland"]
[SourceDate "2012.07.24"]

1. Nf3 d5 2. d4 Nf6 3. Bf4 c5 4. e3 Qb6 5. Qc1 Nc6 6. c3 Bf5 7. Be2 h6 8. h3
Rc8 9. O-O e6 10. Rd1 Be7 11. Nbd2 O-O 12. Nf1 g5 13. Be5 Nd7 14. Bd3 Bxd3 15.
Rxd3 f5 16. Qd2 c4 17. Ng3 Ncxe5 18. dxe5 cxd3 19. Qxd3 Nc5 20. Qe2 Na4 21. Nd4
Kh7 22. Kh2 Nc5 23. Nh5 Qc7 24. b4 Ne4 25. f4 Qd7 26. Rc1 Nxc3 0-1

[Event "119th Scottish Championship"]
[Site "Glasgow"]
[Date "2012.07.09"]
[Round "3"]
[White "Brunello, Roberta"]
[Black "Brunello, Marina"]
[Result "0-1"]
[WhiteElo "1982"]
[BlackElo "2240"]
[PlyCount "58"]
[EventDate "2012.07.07"]
[EventType "swiss"]
[EventRounds "9"]
[EventCountry "SCO"]
[Source "Chess Scotland"]
[SourceDate "2012.07.24"]

1. e4 c5 2. c3 Nf6 3. e5 Nd5 4. d4 cxd4 5. Nf3 e6 6. cxd4 b6 7. Nc3 Nxc3 8.
bxc3 Be7 9. Bd3 Bb7 10. O-O d6 11. Bf4 O-O 12. exd6 Bxd6 13. Bxh7+ Kxh7 14.
Ng5+ Kg6 15. Qd3+ Kf6 16. Nh7+ Ke7 17. Nxf8 Kxf8 18. Be3 Qh4 19. f4 Nd7 20.
Rae1 Nf6 21. Bf2 Qh5 22. Bg3 Qf5 23. Qe2 Rc8 24. c4 Ba6 25. Rc1 Qe4 26. Qxe4
Nxe4 27. d5 Bc5+ 28. Kh1 Nxg3+ 29. hxg3 Ke7 0-1

[Event "119th Scottish Championship"]
[Site "Glasgow"]
[Date "2012.07.09"]
[Round "3"]
[White "MacQueen, Calum"]
[Black "Tsang, Sai Kong"]
[Result "1-0"]
[WhiteElo "2233"]
[BlackElo "1895"]
[PlyCount "43"]
[EventDate "2012.07.07"]
[EventType "swiss"]
[EventRounds "9"]
[EventCountry "SCO"]
[Source "Chess Scotland"]
[SourceDate "2012.07.24"]

1. e4 c5 2. Nf3 Nc6 3. Bb5 Nf6 4. e5 Nd5 5. d3 Qa5+ 6. Bd2 Qxb5 7. c4 Qxb2 8.
cxd5 Qxa1 9. dxc6 bxc6 10. Qb3 Ba6 11. Bc3 c4 12. dxc4 Bxc4 13. Qb7 Qxc3+ 14.
Nxc3 Rd8 15. Nd2 Bd3 16. Qxa7 e6 17. Qd4 Ba6 18. Nde4 Be7 19. Nd6+ Kf8 20. Nce4
g6 21. Nc5 Bb5 22. a4 1-0